00713nam a22002057a 450000500170000001000150001702000260003203500140005803700090007208200120008110000260009324500310011925000060015026000480015627000800020430000200028494200260030499900190033095201580034920250722154043.0 aENG-146063 a9789357433075c390.00 aEN-129595 bDBAD a301.153 aMohan, Arvind 983144 aBA-BAPU 150/cArvind Mohan a1 aNew DelhibNational Book Trust, Indiac2024 aNehru Bhawan, 5 Institutional Area, Phase-II Vasant KunjbNew Delhie110070 a280p.c20cm(pb) 2ddccENmMOHh301.153 c212466d212466 001040708NFICaZLSbZLSd2025-07-22eDelivery of Books Act Divisiong390.00l0oMOH 301.153pEN-129595r2025-07-22 00:00:00t1v390.00w2025-07-22yEN